Drug consumption of suspected drug-influenced drivers in Hungary (2016-2018)

Elmentve itt :
Bibliográfiai részletek
Szerzők: Institóris László
Hidvégi Előd
Kovács Katalin
Jámbor Ákos
Dobos Adrienn
Rárosi Ferenc
Süvegh Gábor
Varga Tibor
Kereszty Éva Margit
Dokumentumtípus: Cikk
Megjelent: 2022
Sorozat:FORENSIC SCIENCE INTERNATIONAL 336
Tárgyszavak:
doi:10.1016/j.forsciint.2022.111325

mtmt:32813460
Online Access:http://publicatio.bibl.u-szeged.hu/24338
LEADER 01065nab a2200301 i 4500
001 publ24338
005 20220513094833.0
008 220513s2022 hu o 0|| Angol d
022 |a 0379-0738 
024 7 |a 10.1016/j.forsciint.2022.111325  |2 doi 
024 7 |a 32813460  |2 mtmt 
040 |a SZTE Publicatio Repozitórium  |b hun 
041 |a Angol 
100 1 |a Institóris László 
245 1 0 |a Drug consumption of suspected drug-influenced drivers in Hungary (2016-2018)  |h [elektronikus dokumentum] /  |c  Institóris László 
260 |c 2022 
300 |a Terjedelem: 9-Azonosító: 111325 
490 0 |a FORENSIC SCIENCE INTERNATIONAL  |v 336 
650 4 |a Egyéb orvostudományok 
700 0 1 |a Hidvégi Előd  |e aut 
700 0 1 |a Kovács Katalin  |e aut 
700 0 1 |a Jámbor Ákos  |e aut 
700 0 1 |a Dobos Adrienn  |e aut 
700 0 1 |a Rárosi Ferenc  |e aut 
700 0 1 |a Süvegh Gábor  |e aut 
700 0 1 |a Varga Tibor  |e aut 
700 0 1 |a Kereszty Éva Margit  |e aut 
856 4 0 |u http://publicatio.bibl.u-szeged.hu/24338/1/1-s2.0-S0379073822001554-main.pdf  |z Dokumentum-elérés